logo

Bir Sreshtho Munshi Abdur Rouf Library
Jhenaidah Cadet College

মিথ্যা, ওয়াদা ভঙ্গ ও খেয়ানতের বিভিন্ন রূপ / (Record no. 10414)

MARC details
000 -LEADER
fixed length control field 00922nam a2200229 a 4500
001 - CONTROL NUMBER
JCCL Control Number 10414
003 - CONTROL NUMBER IDENTIFIER
JCCL marc code BD-JhCC
005 - DATE AND TIME OF LATEST TRANSACTION
control field 20220322134023.0
008 - FIXED-LENGTH DATA ELEMENTS--GENERAL INFORMATION
fixed length control field 180425s20112016bg |||| |||| 000 0 ben d
035 ## - SYSTEM CONTROL NUMBER
system control number (BD-JhCC)10414
040 ## - CATALOGING SOURCE
Original cataloging agency BD-JhCC
Modifying agency BD-JhCC
041 ## - LANGUAGE CODE
Language code of Book ben
082 ## - DEWEY DECIMAL CLASSIFICATION NUMBER
Classification number 297.2
Author mark and Year USM 2016
100 ## - MAIN ENTRY--PERSONAL NAME
Personal name উসমানী, মুহাম্মাদ তকী
245 ## - TITLE STATEMENT
Title মিথ্যা, ওয়াদা ভঙ্গ ও খেয়ানতের বিভিন্ন রূপ /
Statement of responsibility, etc মুহাম্মাদ তকী উসমানী, আবু সাঈদ, আ খ ম ইউনুস (অনু.)
260 ## - PUBLICATION, DISTRIBUTION, ETC. (IMPRINT)
Place of publication, distribution, etc ঢাকা :
Name of publisher, distributor, etc আল হিকমাহ পাবলিকেশন্স,
Date of publication, distribution, etc ২০১৬
300 ## - PHYSICAL DESCRIPTION
Pagination ৬২ পৃ. :
Dimensions ১৯ সেমি.
650 ## - SUBJECT ADDED ENTRY--TOPICAL TERM
Topical term or geographic name as entry element Islam
700 ## - ADDED ENTRY--PERSONAL NAME
Personal name সাঈদ, আবু
700 ## - ADDED ENTRY--PERSONAL NAME
Personal name ইউনুস, আ খ ম
942 ## - ADDED ENTRY ELEMENTS (KOHA)
Source of classification or shelving scheme Dewey Decimal Classification
Koha item type Books
Koha issues (borrowed), all copies 5
Holdings
Source of classification or shelving scheme Damaged status Not for loan Home library Current library Shelving location Date of accession Cost, normal purchase price Total Checkouts Full call number Barcode Date last seen Date checked out Copy number Koha item type
Dewey Decimal Classification     JCC Rouf Library JCC Rouf Library General Stacks 04/25/2018 90.00 4 297.2 USM 2016 13712 01/14/2026 10/12/2025 C-1 Books
Dewey Decimal Classification     JCC Rouf Library JCC Rouf Library General Stacks 08/12/2018 90.00 1 297.2 USM 2016 14531 09/24/2019 09/04/2019 C-2 Books

JCC Library | Contacts | JCC Home

Last Update on 23 September 2017
Copyright @ 2017-2020 JCC Rouf Library
Rouf Library, Jhenidah Cadet College (JCC), Bangladesh